All Dark Souls 1 Weapons & Equipment - Statistics

General Stats
  • This quiz has been taken 283 times
    263 since last reset
  • The average score is 64 of 181
Answer Stats
Weapon Category Answer % Correct
Daggers Dagger
89%
Halberds Halberd
79%
Whips Whip
78%
Ultra Greatswords Greatsword
76%
Spears Spear
74%
Straight Swords Longsword
73%
Piercing Swords Rapier
73%
Katanas Uchigatana
72%
Greataxes Greataxe
71%
Bows Longbow
71%
Ultra Greatswords Zweihander
71%
Greatswords Black Knight Sword
69%
Greatswords Claymore
66%
Ultra Greatswords Black Knight Greatsword
65%
Halberds Black Knight Halberd
64%
Bows Short Bow
64%
Straight Swords Shortsword
64%
Daggers Parrying Dagger
61%
Flames Pyromancy Flame
61%
Katanas Chaos Blade
60%
Great Hammers Dragon Tooth
60%
Talismans Talisman
60%
Small Shields Buckler
58%
Hammers Club
58%
Fists & Claws Caestus
55%
Great Hammers Smough's Hammer
55%
Greatbows Dragonslayer Greatbow
54%
Piercing Swords Estoc
54%
Axes Battle Axe
53%
Straight Swords Broadsword
53%
Curved Swords Scimitar
52%
Greataxes Black Knight Greataxe
51%
Fists & Claws Claws
51%
Spears Dragonslayer Spear
49%
Axes Hand Axe
49%
Crossbows Heavy Crossbow
49%
Daggers Priscilla's Dagger
49%
Katanas Washing Pole
49%
Medium Shields Black Knight Shield
48%
Medium Shields Grass Crest Shield
48%
Straight Swords Broken Straight Sword
47%
Great Hammers Great Club
47%
Crossbows Light Crossbow
47%
Halberds Scythe
47%
Hammers Mace
46%
Daggers Bandit's Knife
45%
Curved Swords Falchion
45%
Great Hammers Demon's Great Hammer
44%
Greatbows Gough's Greatbow
44%
Catalysts Manus Catalyst
44%
Piercing Swords Ricard's Rapier
44%
Hammers Blacksmith Hammer
43%
Axes Gargoyle Tail Axe
43%
Greatshields Havel's Greatshield
43%
Catalysts Sorcerer's Catalyst
43%
Greatswords Bastard Sword
42%
Straight Swords Drake Sword
42%
Curved Swords Quelaag's Furysword
42%
Greataxes Demon's Greataxe
40%
Curved Greatswords Murakumo
39%
Medium Shields Silver Knight Shield
39%
Spears Silver Knight Spear
39%
Crossbows Sniper Crossbow
39%
Crossbows Avelyn
38%
Bows Darkmoon Bow
38%
Ultra Greatswords Dragon Greatsword
38%
Greatswords Greatsword of Artorias
38%
Greatswords Greatsword of Artorias (Cursed)
38%
Greatswords Moonlight Greatsword
38%
Hammers Morning Star
38%
Spears Pike
38%
Curved Greatswords Server
38%
Spears Winged Spear
38%
Straight Swords Astora's Straight Sword
37%
Curved Greatswords Gravelord Sword
37%
Halberds Great Scythe
37%
Halberds Lifehunt Scythe
37%
Whips Notched Whip
37%
Hammers Reinforced Club
37%
Katanas Iaito
36%
Catalysts Logan's Catalyst
36%
Straight Swords Silver Knight Straight Sword
36%
Bows Composite Bow
35%
Halberds Gargoyle's Halberd
35%
Small Shields Leather Shield
35%
Spears Partizan
35%
Medium Shields Wooden Shield
35%
Talismans Sunlight Talisman
34%
Greatswords Abyss Greatsword
33%
Straight Swords Crystal Straight Sword
33%
Fists & Claws Dark Hand
33%
Whips Guardian Tail
33%
Straight Swords Sunlight Straight Sword
33%
Fists & Claws Dragon Bone Fist
31%
Axes Golem Axe
31%
Halberds Lucerne
31%
Greatswords Stone Greatsword
31%
Straight Swords Balder Side Sword
30%
Bows Black Bow of Pharris
30%
Greataxes Dragon King Greataxe
30%
Daggers Ghost Blade
30%
Talismans Ivory Talisman
30%
Great Hammers Large Club
30%
Greatswords Obsidian Greatsword
30%
Medium Shields Crest Shield
29%
Greatswords Crystal Greatsword
29%
Ultra Greatswords Demon Great Machete
29%
Medium Shields Dragon Crest Shield
29%
Straight Swords Straight Sword Hilt
29%
Catalysts Tin Banishment Catalyst
29%
Greatshields Tower Shield
29%
Medium Shields Crystal Shield
28%
Halberds Giant's Halberd
28%
Medium Shields Heater Shield
28%
Piercing Swords Mail Breaker
28%
Spears Moonlight Butterfly Horn
28%
Piercing Swords Velka's Rapier
28%
Talismans Darkmoon Talisman
27%
Spears Demon's Spear
27%
Curved Swords Gold Tracer
27%
Greatshields Greatshield of Artorias
27%
Medium Shields Knight Shield
27%
Small Shields Plank Shield
27%
Talismans Thorolund Talisman
27%
Catalysts Tin Crystallization Catalyst
27%
Talismans Canvas Talisman
26%
Medium Shields Spider Shield
26%
Talismans Velka's Talisman
26%
Greatshields Black Iron Greatshield
25%
Straight Swords Darksword
25%
Catalysts Demon's Catalyst
25%
Great Hammers Grant
25%
Axes Butcher Knife
24%
Greatswords Flamberge
24%
Greatswords Great Lord Greatsword
24%
Curved Swords Shotel
24%
Curved Swords Painting Guardian Sword
22%
Hammers Pickaxe
22%
Daggers Dark Silver Tracer
21%
Curved Swords Jagged Ghost Blade
21%
Catalysts Oolacile Catalyst
21%
Greatshields Stone Greatshield
21%
Greataxes Stone Greataxe
20%
Small Shields Target Shield
20%
Hammers Warpick
20%
Medium Shields Balder Shield
19%
Spears Channeler's Trident
19%
Greatshields Eagle Shield
19%
Greatswords Man-Serpent Greatsword
19%
Straight Swords Barbed Straight Sword
18%
Medium Shields Hollow Soldier Shield
18%
Catalysts Izalith Catalyst
18%
Halberds Titanite Catch Pole
18%
Axes Crescent Axe
17%
Spears Four-Pronged Plow
17%
Catalysts Beatrice's Catalyst
16%
Hammers Blacksmith Giant Hammer
16%
Medium Shields East-West Shield
16%
Greatshields Giant Shield
16%
Hammers Hammer of Vamos
16%
Medium Shields Sanctus
16%
Medium Shields Sunlight Shield
16%
Greatshields Bonewheel Shield
15%
Medium Shields Bloodshield
13%
Small Shields Crystal Ring Shield
13%
Medium Shields Gargoyle's Shield
13%
Small Shields Small Leather Shield
13%
Medium Shields Spiked Shield
13%
Small Shields Cracked Round Shield
12%
Medium Shields Iron Round Shield
11%
Medium Shields Large Leather Shield
11%
Medium Shields Pierce Shield
11%
Greatshields Cleansing Greatshield
10%
Catalysts Oolacile Ivory Catalyst
10%
Small Shields Red & White Round Shield
10%
Catalysts Tin Darkmoon Catalyst
10%
Small Shields Effigy Shield
9%
Small Shields Caduceus Round Shield
7%
Medium Shields Caduceus Kite Shield
6%
Small Shields Warrior's Round Shield
4%
Medium Shields Tower Kite Shield
1%
No matching quizzes found
Score Distribution
Percent of People with Each Score
Percentile by Number Answered
Your Score History
You have not taken this quiz since the last reset